| 000 | 01232cam a2200229 a 4500 | ||
|---|---|---|---|
| 999 |
_c7577 _d7577 |
||
| 003 | OSt | ||
| 005 | 20200316120514.0 | ||
| 008 | 110526s2011 nyuae b 000 0 eng | ||
| 020 | _a9781616890247 (alk. paper) | ||
| 082 | 0 | 0 |
_a720.92 _223 _bJEF |
| 100 | 1 | _aHead, Jeffrey. | |
| 245 | 1 | 0 |
_aNo nails, no lumber : _bthe bubble houses of Wallace Neff / _cby Jeffrey Head. |
| 246 | 3 | 0 | _aBubble houses of Wallace Neff |
| 250 | _a1st ed. | ||
| 260 |
_aNew York : _bPrinceton Architectural Press, _cc2011. |
||
| 300 |
_a168 p. : _bill. (some col.), plans ; _c22 cm. |
||
| 504 | _aIncludes bibliographical references (p. 165-167). | ||
| 505 | 0 | _aIntroduction -- The bubble houses. United States -- Falls Church, Virginia -- Litchfield Park, Arizona -- Loyola University, 1944 -- Pacific Linen Supply Co. --Pasadena, California -- South Pasadena, California -- Hobe Sound, Florida -- Airforms around the world. Latin America -- The Caribbean -- Europe -- Africa -- Asia -- Conclusion -- Appendix A. Interview : The Carmody sisters -- Appendix B. The patents of Wallace Neff -- Appendix C. Deflated airform plans [timeline]. | |
| 600 | 1 | 0 |
_aNeff, Wallace, _d1895-1982 _xCriticism and interpretation. |
| 650 | 0 | _aConcrete houses. | |
| 942 | _2ddc | ||